CHP'den AKP'ye (Record no. 3036)

MARC details
000 -BAŞLIK
Sabit Uzunlukta Kontrol Alanı 01138na a2200361 4500
001 - KONTROL NUMARASI
Denetim Alanı 16982
003 - KONTROL NUMARASI IDENTIFIER
Denetim Alanı MIRAKIL
005 - SON İŞLEM TARİHİ VE ZAMANI
Denetim Alanı 20181213154918.0
008 - SABİT-BOY VERİ ELEMANLARI - GENEL BİLGİLER
Sabit Uzunlukta Kontrol Alanı 161019b tu 000 0
020 ## - ULUSLARARASI STANDART KİTAP NUMARASI
Uluslararası Standart Kitap Numarası 9756623098
035 ## - SİSTEM KONTROL NUMARASI
Sistem Kontrol Numarası 16982
040 ## - KATALOGLAMA KAYNAK
Orijinal Kataloglama Ajansı Milas
Kataloglama Dili tur
Metne Dönüştürmek Ajansı TR-AnCHP
041 ## - DİL KODU
Metin / Ses Parça Veya Ayrı Başlığın Dil Kodu tur
082 ## - DEWEY ONLU SINIFLANDIRMA NUMARASI
Sınıflandırma Numarası CHP 324.2
Ürün Numarası Ş35c 2003
090 ## - SINIFLAMA NUMARASI
Sınıflama Numarası CHP 324.2 Ş35c 2003
100 ## - ANA GİRİŞ - KİŞİSEL İSİM
Kişisel Ad Şen, Seyit Mehmet
245 ## - BAŞLIK TABLOSU
Başlık CHP'den AKP'ye
Başlığın Kalan siyasi alan belirlemesi
Sorumluluk Tablosu, Vb Seyit Mehmet Şen
246 ## - UNVAN FORM VARYING
Başlık Doğru / Kısa Başlığı CHPden AKPye
246 ## - UNVAN FORM VARYING
Başlık Doğru / Kısa Başlığı Siyasi alan belirlemesi
246 ## - UNVAN FORM VARYING
Başlık Doğru / Kısa Başlığı Cumhuriyet Halk Partisinden Adalet ve Kalkınma Partisine siyasi alan belirlemesi
246 ## - UNVAN FORM VARYING
Başlık Doğru / Kısa Başlığı CHPden AKPye siyasi alan belirlemesi
260 ## - YAYIN, DAĞITIM, VB
Yayın, Dağıtım, Vb Yeri Ankara
Yayıncı, Dağıtıcı, Vs Adı Sen
Yayın, Dağıtım, Vb Tarihi 2003
300 ## - FİZİKSEL TANIM
Kapsam 160 s.
Boyutlar 24 sm.
440 ## - SERİSİ TABLOSU / KATMA GİRİŞİ - BAŞLIK
Başlık Sen yayınları
Hacim / Ardışık Tanımı 11
490 ## - SERİSİ TABLOSU
Seri Beyanı Siyaset dizisi
Hacim / Ardışık Tanımı 1
610 ## - KONU KATMA GİRİŞ - TOPLANTI ADI
Giriş Elemanı Olarak Kurumsal Ad Veya Yargı Alanı Adı CHP
Genel Alt Bölüm Oy kayması
610 ## - KONU KATMA GİRİŞ - TOPLANTI ADI
Giriş Elemanı Olarak Kurumsal Ad Veya Yargı Alanı Adı AKP
Genel Alt Bölüm Oy kayması
650 ## - KONU KATMA GİRİŞ - TOPİKAL DÖNEM
Topikal Süreli Veya Coğrafi Ad Giriş Elemanı Siyasal partiler
Genel Alt Bölümü Oy dağılımı
Kronolojik Alt Bölümü Tarih
Coğrafi Alt Bölümü Türkiye
650 ## - KONU KATMA GİRİŞ - TOPİKAL DÖNEM
Topikal Süreli Veya Coğrafi Ad Giriş Elemanı Siyasal partiler
Genel Alt Bölümü Genel seçimler
Kronolojik Alt Bölümü Oy dağılımı
Coğrafi Alt Bölümü Türkiye
650 ## - KONU KATMA GİRİŞ - TOPİKAL DÖNEM
Topikal Süreli Veya Coğrafi Ad Giriş Elemanı Oy kayması
Genel Alt Bölümü Siyasal partiler
Coğrafi Alt Bölümü Türkiye
942 ## - EKLENDİ GİRİŞ ELEMANLARI (KOHA)
Sınıflandırma Veya Raf Düzeni Kaynak
Koha Öğesi Türü Books
999 ## - SİSTEM KONTROL NUMARALARI (KOHA)
Koha Biblionumber 3036
Koha Biblioitemnumber 3036
657 ## - INDEX SÜRE - İŞLEVİ
-- Oy geçişi
Holdings
Kalıcı Konum Mevcut Konum Edinme Tarihi Edinim Kaynak Toplam Check-Out'Lar Tam Çağrı Numarası Barkod Tarih Son Görülme İtibaren Geçerli Fiyatlar Koha Öğesi Türü Kopya Sayısı
CHP Kütüphanesi CHP Kütüphanesi 10/19/2016 Bağış   CHP 324.2 Ş35c 2003 006948 10/19/2016 10/19/2016 Books  
CHP Kütüphanesi CHP Kütüphanesi 10/19/2016 Bağış   CHP 324.2 Ş35c 2003 006949 10/19/2016 10/19/2016 Books k.2